Biggest Cities in Dominican Republic - Statistics

General Stats
  • This quiz has been taken 14 times
  • The average score is 6 of 15
Answer Stats
Population City % Correct
2.750.000 Santo Domingo
92%
610.000 Santiago de los Caballeros
77%
130.000 Puerto Plata
62%
90.000 Punta Cana
54%
270.000 La Romana
46%
85.000 Barahona
38%
120.000 La Vega
38%
140.000 San Francisco de Macorís
38%
210.000 Higüey
31%
170.000 San Cristóbal
31%
80.000 San Juan de la Maguana
31%
210.000 San Pedro de Macorís
31%
80.000 Baní
23%
75.000 Boca Chica
8%
280.000 Los Alcarrizos
8%
No matching quizzes found
Score Distribution
Percent of People with Each Score
Percentile by Number Answered
Your Score History
You have not taken this quiz